Otro tiempo / (Record no. 10626)

MARC details
000 -LEADER
campo de control de longitud fija 00835nam a22002775i 4500
001 - NÚMERO DE CONTROL
campo de control 10626
003 - IDENTIFICADOR DE NÚMERO DE CONTROL
campo de control ES-MaACL
005 - FECHA Y HORA DE LA ÚLTIMA TRANSACCIÓN
campo de control 20260214131606.0
007 - CAMPO FIJO DE DESCRIPCIÓN FÍSICA--INFORMACIÓN GENERAL
campo de control de longitud fija t|
008 - DATOS DE LONGITUD FIJA--INFORMACIÓN GENERAL
campo de control de longitud fija 941004s1994 sp ||||0| spa j
020 ## - NÚMERO INTERNACIONAL ESTÁNDAR DEL LIBRO
Número Internacional Estándar del Libro 84-87101-93-3
040 ## - FUENTE DE CATALOGACIÓN
Centro catalogador/agencia de origen M-BN
Lengua de catalogación spa
Centro/agencia transcriptor M-BN
080 ## - NÚMERO DE LA CLASIFICACIÓN DECIMAL UNIVERSAL
Número de la Clasificación Decimal Universal 820(73)-14"19"
100 1# - ENTRADA PRINCIPAL--NOMBRE DE PERSONA
Nombre de persona Auden, W. H.
9 (RLIN) 23843
245 10 - MENCIÓN DEL TÍTULO
Título Otro tiempo /
Mención de responsabilidad, etc. W.H. Auden ; versión de Alvaro García.
260 ## - PUBLICACIÓN, DISTRIBUCIÓN, ETC.
Lugar de publicación, distribución, etc. Valencia :
Nombre del editor, distribuidor, etc. Pre-Textos,
Fecha de publicación, distribución, etc. 1993 [ i.e. 1994 ]
300 ## - DESCRIPCIÓN FÍSICA
Extensión 229 p ;
Dimensiones 22 cm.
490 1# - MENCIÓN DE SERIE
Mención de serie Colección La cruz del sur
500 ## - NOTA GENERAL
Nota general En el lomo: 181.
500 ## - NOTA GENERAL
Nota general Texto en inglés y traducción en español.
700 0# - ENTRADA AGREGADA--NOMBRE PERSONAL
Nombre de persona García López, Álvaro
9 (RLIN) 53996
830 0# - PUNTO DE ACCESO ADICIONAL DE SERIE-TÍTULO UNIFORME
Título uniforme Colección La cruz del sur
9 (RLIN) 178835
852 ## - LOCALIZACIÓN
Ubicación ES-MaACL
Número de control de estantería L-18029
Sublocalización o colección R.123486
Holdings
Estatus retirado Estado de pérdida Estado de daño No para préstamo Biblioteca de origen Biblioteca actual Ubicación en estantería Fecha de adquisición Fuente de adquisición Total de préstamos Signatura topográfica completa Código de barras Visto por última vez Precio de reemplazo Tipo de ítem Koha
        Biblioteca del Ateneo de Madrid Biblioteca del Ateneo de Madrid Depósito 2 17/01/2008     L-18029 1010838 23/02/2023 23/02/2023 Libro impreso